A practical manual on synthesis of nanoparticles and its applictions in biology/ (Record no. 163295)

MARC details
000 -LEADER
fixed length control field 00759nam a2200205 4500
005 - DATE AND TIME OF LATEST TRANSACTION
control field 20190408154546.0
010 ## - LCCN (DPL NO)
LC control number ENG-125032
020 ## - INTERNATIONAL STANDARD BOOK NUMBER
International Standard Book Number 9789384692032
Terms of availability 150.00
035 ## - SYSTEM CONTROL NUMBER
System control number EN-108564
037 ## - SOURCE OF ACQUISITION
Source of stock number/acquisition DBAD/PUB
082 ## - DEWEY DECIMAL CLASSIFICATION NUMBER
Classification number 570
100 ## - MAIN ENTRY--PERSONAL NAME
Personal name Parvathi, V. Deepa
245 ## - TITLE STATEMENT
Title A practical manual on synthesis of nanoparticles and its applictions in biology/
Statement of responsibility, etc by V. Deepa Parvathi [and] K.Rajagopal
260 ## - PUBLICATION, DISTRIBUTION, ETC. (IMPRINT)
Place of publication, distribution, etc Chennai
Name of publisher, distributor, etc Digital age publishers
Date of publication, distribution, etc 2017
270 ## - ADDRESS
Address 26,Vedantham colony,2nd cross street,
City Chennai , Tamilnadu
Postal code 600047
Telephone number 9551891745, 9941535005
Electronic mail address digitalagepublishers@gmail.com
300 ## - PHYSICAL DESCRIPTION
Extent x,57p.
Dimensions 24cm(pbk)
500 ## - GENERAL NOTE
General note it includes glossary and bibliography
700 ## - ADDED ENTRY--PERSONAL NAME
Personal name Rajagopal, K
942 ## - ADDED ENTRY ELEMENTS (KOHA)
Source of classification or shelving scheme Dewey Decimal Classification
Item type English Books
Classification part 570
Call number suffix PAR
Holdings
Withdrawn status Lost status Not for loan Collection code Home library Current library Date acquired Source of acquisition Cost, normal purchase price Full call number Barcode Copy number Cost, replacement price Koha item type
      Non-fiction D.B.Act.Division Mobile Library 08/04/2019 DBAD/PUB 150.00 570 PAR EN-108564 1 150.00 English Books

© Delhi Public Library
Hit Counter
free hit counter